Abdul Rahman Limbung
| Format: | Book |
|---|---|
| Published: |
Kuala Lumpur :
Penerbitan Hasrat Pelajar ,
1994
|
| Series: | Siri Sejarahwan Tanah Air
|
| Subjects: |
MARC
| LEADER | 00000cam a2200000 7i4500 | ||
|---|---|---|---|
| 001 | 0000060375 | ||
| 005 | 20220105105406.0 | ||
| 008 | 160302 | ||
| 020 | |a 9789830410862 | ||
| 090 | 0 | 0 | |a BIO/MAL |
| 245 | 1 | 0 | |a Abdul Rahman Limbung |
| 260 | |a Kuala Lumpur : |b Penerbitan Hasrat Pelajar , |c 1994 | ||
| 300 | |a 32pg. | ||
| 490 | 0 | |a Siri Sejarahwan Tanah Air | |
| 500 | |a Children ages 7-9 years old (orange) | ||
| 650 | 0 | |a Children's Stories Malay | |
| 999 | |a 000432012 |b Book |c Children Collection |e Cawangan Muar | ||